000 00773nam a22002657a 4500
001 BR9511335
003 BR-BrBNA
005 20230928094851.0
007 ta
008 230509b bl.||||| |||| 00| 0 por d
040 _aBR-BrBNA
_bpor
_cBiblioteca Nacional de Agricultura
041 _a(Por)
072 _aE73
090 _ E73 BR9511335
100 1 _aLima, F.A. de
110 1 _aBanco do Nordeste do Brasil S.A., Fortaleza, CE (Brasil). Depto. de Estudos Economicos do Nordeste
_91142
245 1 _aEstimativas do consumo de produtos industriais no nordeste urbano
260 3 _aFortaleza, CE (Brasil):
_c1975.
300 _a138 p.
650 _aProduto
650 _aMercado
650 _aConsumidor
909 _a202309
_bLucia
_c55
_dLucia Elande
942 _cBK
999 _c53114
_d53114